000 00575nam a2200193Ia 4500
003 GCL
008 140319s9999 xx 000 0 ara d
040 _aGCL /
_cGCL
082 0 4 _aط
_b599.74
_bد ا
100 1 _aدار الراتب الجامعية
245 1 0 _aاكلة اللحوم /
_cدار الراتب الجامعية
260 _a[S.N] :
_bدار الراتب الجامعية
300 _a120 ص
490 _aدار الراتب الجامعية
_v0
650 0 4 _aالحشرات
650 0 4 _aالطيور
650 0 4 _aالاسماك
942 _2ddc
_cBK
999 _c58123
_d58123